La contratacion de las entidades estatales / (Registro nro. 49683)

Detalles MARC
000 -LEADER
fixed length control field 01262nam a2200313 4500
001 - CONTROL NUMBER
control field 0000022029
003 - CONTROL NUMBER IDENTIFIER
control field CO-CtgCURN
005 - DATE AND TIME OF LATEST TRANSACTION
control field 20250826223709.0
008 - FIXED-LENGTH DATA ELEMENTS--GENERAL INFORMATION
fixed length control field 160627s2005 000 0 eng d
020 ## - INTERNATIONAL STANDARD BOOK NUMBER
International Standard Book Number 9589380700
040 ## - CATALOGING SOURCE
Original cataloging agency CO-CtgCURN
Language of cataloging spa
Transcribing agency coctgcurn
082 0# - DEWEY DECIMAL CLASSIFICATION NUMBER
Classification number 344
Item number P153c
100 1# - MAIN ENTRY--PERSONAL NAME
Personal name Palacio Hincapie, Juan Angel.
245 13 - TITLE STATEMENT
Title La contratacion de las entidades estatales /
Statement of responsibility, etc. Juan Angel Palacio Hincapie.
250 ## - EDITION STATEMENT
Edition statement 5a ed.
260 ## - PUBLICATION, DISTRIBUTION, ETC.
Place of publication, distribution, etc. Bogotá :
Name of publisher, distributor, etc. Libreria Juridica Sánchez,
Date of publication, distribution, etc. 2005.
300 ## - PHYSICAL DESCRIPTION
Extent 522 p.
336 ## - CONTENT TYPE
Source rdacontent
337 ## - MEDIA TYPE
Source rdamedia
Media type term sin mediacion
Media type code n
338 ## - CARRIER TYPE
Source rdacarrier
Carrier type term volumen
Carrier type code nc
504 ## - BIBLIOGRAPHY, ETC. NOTE
Bibliography, etc. note Bibliografia (p. 509-522)
505 8# - FORMATTED CONTENTS NOTE
Formatted contents note Estatuto.--La capacidad para contratar.--La selección del contratista.--Clausulas execpcionales.--La ecuacion economica contractual.--Responsabilidad de los funcionarios en la contratacion del estado.--Las controversias contractuales
650 #0 - SUBJECT ADDED ENTRY--TOPICAL TERM
Topical term or geographic name entry element Contratos publicos
Form subdivision Legislacion
Geographic subdivision Colombia.
908 ## - PUT COMMAND PARAMETER (RLIN)
Put command parameter 160627
942 ## - ADDED ENTRY ELEMENTS (KOHA)
Koha item type Libros
Classification part 344
Item part P153c
Source of classification or shelving scheme Dewey Decimal Classification
999 ## - SYSTEM CONTROL NUMBERS (KOHA)
-- 3

No hay ítems disponibles.